000 00742nam a2200229 a 4500
001 13468
003 BD-JhCC
005 20231008104115.0
008 231005b2011 bg |||| ||a| 000 0 ben d
020 _a9789843318053
035 _a(BD-JhCC)13468
040 _aBD-JhCC
_dBD-JhCC
041 _aBengali
082 _a928
_bAKA 2011
100 _aআকামদ্দীন,মোহাম্মদ
245 _aবাউল সম্রাট ফকির লালন শাহ /
_cমোহাম্মদ আকামদ্দীন।
260 _aঢাকা;
_bবাউল সম্রাট প্রকাশনী;
_c২০১১.
300 _a560 p. :
_c22 cm.
650 _a Biography
942 _2ddc
_cBK
999 _c13468
_d13468